[Event "FRA-chT U20 0506"]
[Site "France"]
[Date "2005.11.13"]
[Round "2.7"]
[White "Fischer, Julie"]
[Black "Ketani, Yanis"]
[Result "1-0"]
[WhiteElo "1480"]
[BlackElo "1440"]
[PlyCount "103"]
[EventDate "2005.11.12"]
[EventType "team"]
[EventRounds "3"]
[EventCountry "FRA"]
[SourceTitle "CBM 109 Extra"]
[Source "ChessBase"]
[SourceDate "2006.01.03"]
[SourceVersion "2"]
[SourceVersionDate "2006.01.03"]
[SourceQuality "1"]

1. e4 e5 2. Nf3 Nc6 3. d4 exd4 4. Nxd4 Bc5 5. Be3 Qf6 6. Nb5 Bd6 7. Be2 Nge7 8. 0-0 0-0 9. N1c3 Be5 10. Nd5 Nxd5 11. exd5 Ne7 12. c3 a6 13. Na3 d6 14. Nc2 Ng6 15. Qd2 Nf4 16. Bxf4 Bxf4 17. Qd4 Qh6 18. h3 Be5 19. Qe4 Qf6 20. Bd3 Qh6 21. Qe3 Bf4 22. Qf3 f5 23. Nd4 Rf6 24. Rae1 Be5 25. Nxf5 Qg5 26. h4 Qd2 27. Qg4 g6 28. Ne7+ Kf7 29. Nxc8 Qxd3 30. Qd7+ Kf8 31. Rxe5 dxe5 32. Qe7+ Kg8 33. Qxf6 Rxc8 34. Qe6+ Kg7 35. Qxc8 Qxd5 36. Qxc7+ Kh6 37. g4 Qf3 38. g5+ Kh5 39. Qxe5 Qg4+ 40. Qg3 Qe2 41. f3 Qc4 42. Qg4+ Qxg4+ 43. fxg4+ Kxg4 44. Rf2 Kh3 45. Rg2 b5 46. Kf2 b4 47. cxb4 a5 48. bxa5 h5 49. a6 Kxh4 50. a7 Kh3 51. a8Q h4 52. Qf3# 1-0

[Event "FRA-chT U20a 0405"]
[Site "France"]
[Date "2005.05.15"]
[Round "9.9"]
[White "Ketani, Yanis"]
[Black "Barbot, Pierre"]
[Result "0-1"]
[WhiteElo "1440"]
[BlackElo "1550"]
[PlyCount "72"]
[EventDate "2004.11.19"]
[EventType "team"]
[EventRounds "11"]
[EventCountry "FRA"]
[SourceTitle "EXT 2006"]
[Source "ChessBase"]
[SourceDate "2005.11.24"]
[SourceVersion "1"]
[SourceVersionDate "2005.11.24"]
[SourceQuality "1"]

1. e4 c5 2. Nc3 Nc6 3. f4 d6 4. Nf3 g6 5. Bc4 Bg7 6. d3 Nf6 7. 0-0 0-0 8. Qe1 a6 9. Qh4 b5 10. Bb3 Na5 11. f5 Nxb3 12. axb3 gxf5 13. Bh6 fxe4 14. Nxe4 Nxe4 15. dxe4 Bxh6 16. Qxh6 f6 17. Nh4 Rf7 18. Rf3 Qf8 19. Rg3+ Rg7 20. Qf4 Rxg3 21. Qxg3+ Qg7 22. Qf3 Qg4 23. Rf1 Qxh4 24. e5 Rb8 25. exf6 Qxf6 26. Qg3+ Qg7 27. Qd3 Bb7 28. Qe2 Rf8 29. Rd1 Kh8 30. Rd3 Qxb2 31. Rd2 Rg8 32. Qxe7 Qc1+ 33. Kf2 Qxd2+ 34. Kf1 Qf4+ 35. Ke1 Qe4+ 36. Qxe4 Bxe4 0-1

[Event "FRA-chT U20a 0405"]
[Site "France"]
[Date "2005.05.15"]
[Round "10.9"]
[White "Ketani, Yanis"]
[Black "Giroyan, Gary"]
[Result "0-1"]
[WhiteElo "1440"]
[BlackElo "1760"]
[PlyCount "54"]
[EventDate "2004.11.19"]
[EventType "team"]
[EventRounds "11"]
[EventCountry "FRA"]
[SourceTitle "EXT 2006"]
[Source "ChessBase"]
[SourceDate "2005.11.24"]
[SourceVersion "1"]
[SourceVersionDate "2005.11.24"]
[SourceQuality "1"]

1. f4 d5 2. Nf3 Nf6 3. d4 c5 4. e3 Bf5 5. Bb5+ Bd7 6. Nc3 Bxb5 7. Nxb5 e6 8. 0-0 Be7 9. b3 a6 10. Nc3 0-0 11. Ba3 cxd4 12. Bxe7 Qxe7 13. Nxd4 Nbd7 14. f5 e5 15. Nf3 Qc5 16. Na4 Qxe3+ 17. Kh1 b5 18. Nb2 Qc3 19. Rb1 Rac8 20. Rf2 Ne4 21. Re2 Qc6 22. Qd3 Nc3 23. Rbe1 Nxe2 24. Rxe2 e4 25. Qe3 exf3 26. Qxf3 Rfe8 27. Rf2 Qxc2 0-1

[Event "FRA-chT U20a 0405"]
[Site "France"]
[Date "2005.05.15"]
[Round "3.8"]
[White "Lamard, Guillaume"]
[Black "Ketani, Yanis"]
[Result "1-0"]
[WhiteElo "1940"]
[BlackElo "1440"]
[PlyCount "69"]
[EventDate "2004.11.19"]
[EventType "team"]
[EventRounds "11"]
[EventCountry "FRA"]
[SourceTitle "EXT 2006"]
[Source "ChessBase"]
[SourceDate "2005.11.24"]
[SourceVersion "1"]
[SourceVersionDate "2005.11.24"]
[SourceQuality "1"]

1. d4 d5 2. c4 e5 3. dxe5 d4 4. Nf3 Nc6 5. Nbd2 Bf5 6. Nb3 f6 7. exf6 Nxf6 8. Nfxd4 Bd7 9. Bg5 Bb4+ 10. Bd2 Qe7 11. a3 Bxd2+ 12. Qxd2 0-0 13. e3 Nxd4 14. Nxd4 Rad8 15. Qb4 c5 16. Qxb7 cxd4 17. Qxa7 dxe3 18. Qxe3 Qd6 19. Qd3 Qe5+ 20. Qe2 Qa5+ 21. b4 Qa4 22. Qd1 Rfe8+ 23. Be2 Qc6 24. 0-0 Bh3 25. Bf3 Qxc4 26. Qc1 Qa6 27. gxh3 Rd3 28. Bg2 Rc8 29. Qb2 Qa4 30. Qe5 Rxa3 31. Rxa3 Qxa3 32. Qe6+ Kf8 33. Qxc8+ Ne8 34. Re1 Qa4 35. Bc6 1-0